000 00306nam a2200121 a 4500
001 000046418
005 20201002052845.0
008 150811s1986 000 spa d
040 _aDO-SdBNP
_bspa
_cBNPHU
245 0 _aFuerza de liberación popular.
260 _a[s.l.],
_c1986.
300 _a20 p. ;
_c21 cm.
999 _c45907
_d45907